JULBEMD Common Bonds III Quiz Stats

Quiz Updated Mar 5, 2013

Challenge
Share
Tweet
Embed
Score 0/48 Timer 10:00
5 Plays Today
% Correct
Hop on Pop
95.1%
Fox in Socks
94.2%
Indiana
86.6%
Rum
84.3%
Tennessee
84.2%
Virginia
83.3%
Tom Hanks
83.1%
Sally Field
82.3%
Pineapple Juice
82.2%
DR. SEUSS
82.1%
Coconut Cream
73.3%
Bassoon
72.9%
KENTUCKY
69.6%
WOODWIND
69.2%
Piccolo
66.1%
Wrench
62.7%
USSR
62.6%
FORREST GUMP
59%
Revolver
58.7%
Gary Sinise
58%
CLUE
57.2%
Vladimir Lenin
55.8%
PINA COLADA
55.2%
Clarinet
54.4%
% Correct
Candlestick
54.2%
Yertle the Turtle
52.5%
Tower
52.4%
George Wendt
51.7%
Brooklyn
51%
CHEERS
50.1%
Kelsey Grammer
47.3%
BRIDGE
45%
Dale Murphy
42.5%
Rhea Perlman
41%
HORSE
40.5%
Mustang
39.3%
Arabian
35%
Element
34.3%
Andruw Jones
32.7%
HONDA
32.5%
ATLANTA BRAVES
31.5%
Tom Glavine
30%
Leonid Brezhnev
24.2%
Yuri Andropov
21.7%
Clydesdale
18.5%
Suspension
11.9%
Insight
9.8%
Ridgeline
6.2%

You're not logged in!

Compare scores with friends on all Sporcle quizzes.
Join for Free
OR
Log In

You Might Also Like...

Show Comments

Extras

Top Quizzes Today


Score Distribution

Your Account Isn't Verified!

In order to create a playlist on Sporcle, you need to verify the email address you used during registration. Go to your Sporcle Settings to finish the process.

Report this User

Report this user for behavior that violates our Community Guidelines.

Details: